|
|
|
|
| LEADER |
01826cam a2200337 a 4500 |
| 001 |
10049164 |
| 003 |
GR-PaULI |
| 005 |
20201215214003.0 |
| 008 |
031218s1996 gr f gre d |
| 952 |
|
|
|0 0
|1 0
|4 0
|6 338_900000000000000_ΣΠΙ
|7 0
|9 40396
|a LISP
|b LISP
|c BSC
|d 2016-04-24
|i 073509
|l 0
|o 338.9 ΣΠΙ
|p 025000108529
|r 2016-04-24 00:00:00
|t 1
|w 2016-04-24
|y BK15
|
| 952 |
|
|
|0 0
|1 0
|4 0
|6 338_900000000000000_ΣΠΙ
|7 0
|9 40397
|a LISP
|b LISP
|c BSC
|d 2016-04-24
|i 083388
|l 0
|o 338.9 ΣΠΙ
|p 025000150288
|r 2016-04-24 00:00:00
|t 2
|w 2016-04-24
|y BK15
|
| 952 |
|
|
|0 0
|1 0
|2 ddc
|4 0
|6 338_927000000000000_ΣΠΙ
|7 0
|9 232908
|a LISA
|b LISA
|c BSC
|d 2019-06-11
|i 15245
|l 0
|o 338.927 ΣΠΙ
|p 025000262978
|r 2019-06-11 00:00:00
|t 3
|w 2019-06-11
|y BK15
|
| 999 |
|
|
|c 25961
|d 25961
|
| 020 |
|
|
|a 9602608889
|
| 040 |
|
|
|a GR-PaULI
|b gre
|c GR-PaULI
|d GR-AiPI
|
| 041 |
0 |
|
|a gre
|
| 082 |
0 |
4 |
|a 338.9
|
| 082 |
0 |
4 |
|a 338.927
|2 23
|
| 100 |
1 |
|
|9 40780
|a Σπιλάνης, Ιωάννης
|e συγγραφέας.
|
| 245 |
1 |
0 |
|a Περιφερειακός οικονομικός σχεδιασμός και περιβάλλον /
|c Γιάννης Σπιλάνης.
|
| 260 |
|
|
|a Θεσσαλονίκη :
|b Παρατηρητής,
|c 1996.
|
| 300 |
|
|
|a 220 σ. ;
|b σχήμ., πίν. ;
|c 21 εκ.
|
| 504 |
|
|
|a Περιλαμβάνει βιβλιογραφία.
|
| 650 |
|
4 |
|a Περιφερειακός προγραμματισμός
|9 11141
|
| 650 |
|
4 |
|a Οικονομική ανάπτυξη
|x Σχεδιασμός
|9 40781
|
| 650 |
|
4 |
|a Περιβαλλοντική οικονομική
|9 64119
|
| 852 |
|
|
|a GR-PaULI
|b ΠΑΤΡΑ
|b ΒΚΠ
|b ΒΣ1
|k ΑΣΧΕ
|h 338.9 ΣΠΙ
|m 073509
|p 025000108529
|t 1
|
| 852 |
|
|
|a GR-PaULI
|b ΠΑΤΡΑ
|b ΒΚΠ
|b ΒΣ1
|k ΑΣΧΕ
|h 338.9 ΣΠΙ
|m 083388
|p 025000150288
|t 2
|
| 942 |
|
|
|2 ddc
|c BK15
|
| 998 |
|
|
|c ΒΑΣΙΛΕΙΟΥ
|d 2003-12
|
| 998 |
|
|
|c ΒΕΛΛΙΟΥ
|d 2019-06
|